1030 1284 1172 1937 1232 1965 1156 1721 1714 1126 1812 1119 1147 1996 1328 1460 1689 1980 1144 1978 1497 1958 1594 1138 1041 1568 1922 1296 1288 1696 1654 1976 1900 1203 1872 1421 1124 1022 1057 1024 1425 1954 1278 1416 1541 1184 1268 1536 1114 1212 1922 1355 1012 1763 1538 1170 1379 1311 1373 1224 1840 1108 1568 1276 1384 1669 1122 1350 1402 1205 1900 1904 1500 1936 1942 1787 1569 1890 1539 1820 1655 1228 1513 1913 1691 1855 1494 1869 1973 1866 1965 1696 1547 1672 1752 1008 1981 1184 1816 BCNSPRNW ULIB Ver.6.0+V

เปลี่ยนเป็นภาษาไทย

Change to English
 แสดงรายละเอียดบรรณานุกรม
  กลับหน้าหลัก

Brief Record : Get Marc (ISO 2709) : E-mail record : QR code < ปิดหน้าต่าง
LEADER : 00000nam 2200000uu 4500
001    13399111118
003     ULIB
008    110616s2547||||th 000 0 tha d
060  4 WY32.JT3^bส117ข 2547
110 1  สาขาภาคเหนือ สมาคมพยาบาลแห่งประเทศไทย
245 00 ข้อบังคับ ระเบียบ และประกาศเกี่ยวกับการปฏิบัติวิชาชีพพยาบาล^cสาขาภาคเหนือ สมาคมพยาบาลแห่งประเทศไทย
260    เชียงใหม่:^cสำนักงานคณะพยาบาลศาสตร์ มหาวิทยาลัยเชียงใหม่,2547
300    36 หน้า
650  7 วิชาชีพพยาบาล
650  7 วิชาชีพพยาบาล^xระเบียบและข้อบังคับ
945    ^p0^l0^i017880
945    ^p0^l0^i017878
945    ^p0^l0^i017876
945    ^p0^l0^i017881
945    ^p0^l0^i017879
945    ^p0^l0^i017877
995    เกษร
999 ^a ใช้งานได้ทุกระบบ
รายการนี้ยังไม่มีแท็ก
คุณยังไม่ได้ล็อกอิน คุณสามารถมีกิจกรรมร่วมกับเว็บไซต์ได้ แต่ต้องล็อกอินก่อน ::
  ล็อกอิน

รายการสื่อสารสนเทศ

ลำดับที่ ประเภท เลขเรียก/บาร์โค้ด สถานที่ สถานะ
1. วิทยาศาสตร์การแพทย์ และสุขภาพ
วิทยาศาสตร์การแพทย์ และสุขภาพ
WY32.JT3 ส117ข 2547 ฉ.3 
  Barcode: 017878
ห้องสมุดวิทยาเขตนครสวรรค์
►ส่วนจัดเก็บหนังสือเก่า นว.
บนชั้น
  ขอยืม

รายการใกล้เคียง
    หัวเรื่อง [วิชาชีพพยาบาล]

BibComment


ยังไม่เคยถูกคอมเมนท์

คอมเมนท์ทรัพยากรรายการนี้
  คอมเมนท์: ข้อบังคับ ระเบียบ..


 Copyright 2026. Bcnsprnw @Library